000 01038naa a22002777a 4500
001 BR9401114
003 BR-BrBNA
005 20240918181125.0
007 ta
008 230509b bl.||||| |||| 00| 0 por d
040 _aBR-BrBNA
_bpor
_cBiblioteca Nacional de Agricultura
041 _a(Pt)
072 _aN10
090 _aN10 BR9401114
100 1 _aCalil Junior, C.
245 1 _aRecomendacoes para o projeto e construcao de silos segundo a ISO
260 3 _aSanta Maria, RS (Brasil):
_c1992.
500 _a21. Congresso Brasileiro de Engenharia Agricola e 1. Simposio de Engenharia Agricola do Cone Sul Santa Maria, RS (Brasil): 1992. v. 1 p. 148-157 (BR9401114-AM)N10
650 _aSilo
650 _aInstalacao Agricola
650 _aPressao
650 _aModelo Matematico
773 0 _t21. Congresso Brasileiro de Engenharia Agricola e 1. Simposio de Engenharia Agricola do Cone Sul
_wN10 BR9401114
_gSanta Maria, RS (Brasil), 1992. v. 1 p. 148-157
909 _a202404
_bLucia
_c55
_dLucia Elande
942 _cAM
_2AGRIS
999 _c323706
_d323706